Employee rewards and recognition : (Record no. 199669)
[ view plain ]
| 000 -LEADER | |
|---|---|
| fixed length control field | 00713nam a2200229Ia 4500 |
| 003 - CONTROL NUMBER IDENTIFIER | |
| control field | OSt |
| 005 - DATE AND TIME OF LATEST TRANSACTION | |
| control field | 20241122111059.0 |
| 008 - FIXED-LENGTH DATA ELEMENTS--GENERAL INFORMATION | |
| fixed length control field | 210716s2005 xx 000 0 und d |
| 020 ## - INTERNATIONAL STANDARD BOOK NUMBER | |
| International Standard Book Number | 8178815281 |
| 040 ## - CATALOGING SOURCE | |
| Transcribing agency | AIMIT LIBRARY |
| 041 ## - LANGUAGE CODE | |
| Language code of text/sound track or separate title | eng |
| 082 ## - DEWEY DECIMAL CLASSIFICATION NUMBER | |
| Classification number | 001.0726583 |
| Edition number | 1 |
| Item number | RAMV |
| 245 ## - TITLE STATEMENT | |
| Title | Employee rewards and recognition : |
| Remainder of title | Introduction / |
| Statement of responsibility, etc. | Edited by V V Ramani., ed. |
| 250 ## - EDITION STATEMENT | |
| Edition statement | 1st ed. |
| 260 ## - PUBLICATION, DISTRIBUTION, ETC. | |
| Place of publication, distribution, etc. | Hyderabad : |
| Name of publisher, distributor, etc. | ICFAI University Press , |
| Date of publication, distribution, etc. | 2005. |
| 300 ## - PHYSICAL DESCRIPTION | |
| Extent | 191p. ; |
| Other physical details | PB |
| Dimensions | 23.9 cm |
| 650 ## - SUBJECT ADDED ENTRY--TOPICAL TERM | |
| Topical term or geographic name entry element | Employee reward and recognition systems |
| 9 (RLIN) | 186031 |
| 650 ## - SUBJECT ADDED ENTRY--TOPICAL TERM | |
| Topical term or geographic name entry element | Motivation and rewards |
| 9 (RLIN) | 186032 |
| 650 ## - SUBJECT ADDED ENTRY--TOPICAL TERM | |
| Topical term or geographic name entry element | Cases |
| 9 (RLIN) | 186033 |
| 700 ## - ADDED ENTRY--PERSONAL NAME | |
| Personal name | Ramani, V V., ed. |
| 9 (RLIN) | 186034 |
| 942 ## - ADDED ENTRY ELEMENTS (KOHA) | |
| Source of classification or shelving scheme | Dewey Decimal Classification |
| Koha item type | Book |
| Edition | 1st |
| Call number prefix | 001.0726583 |
| Withdrawn status | Lost status | Source of classification or shelving scheme | Damaged status | Not for loan | Collection code | Home library | Current library | Date acquired | Cost, normal purchase price | Inventory number | Total Checkouts | Full call number | Barcode | Date last seen | Cost, replacement price | Price effective from | Koha item type |
|---|---|---|---|---|---|---|---|---|---|---|---|---|---|---|---|---|---|
| Dewey Decimal Classification | MBA | St Aloysius Institute of Management & Information Technology | St Aloysius Institute of Management & Information Technology | 11/15/2005 | 350.00 | Bill no:IP/MG-1/002/10/05; Bill | 001.0726583 RAMV | MBA02234 | 07/21/2025 | 262.50 | 07/16/2021 | Book |